Statistiche per Elenca la formazione - Quiz n°222

Clicka qui per fare il quiz!

Statistiche generali

  • Questo quiz è stato fatto 15 volte
  • Il punteggio medio è 6 su 11

Statistiche sulle risposte

RuoloClub dell'epocaCalciatore% Corretto
DifensoreParmaFabio Cannavaro
100%
AttaccanteRomaFrancesco Totti
100%
PortiereFiorentinaFrancesco Toldo
86%
DifensoreLazioAlessandro Nesta
79%
CentrocampistaMilanPaolo Maldini
57%
CentrocampistaInterLuigi Di Biagio
50%
AttaccanteRomaMarco Delvecchio
50%
CentrocampistaMilanDemetrio Albertini
29%
CentrocampistaJuventusGianluca Pessotto
29%
DifensoreJuventusMark Iuliano
29%
TrequartistaUdineseStefano Fiore
21%

Distribuzione punteggi

Percentile per numero di risposta

Percentuale di utenti per punteggio

I tuoi punteggi nel tempo

Non hai fatto questo quiz